| 000 | nam a22 7a 4500 | ||
|---|---|---|---|
| 999 |
_c28110 _d28110 |
||
| 008 | 170214b xxu||||| |||| 00| 0 eng d | ||
| 020 | _a9780465246479 | ||
| 050 | _aHG 197 .F74 2010 | ||
| 100 | _aFrench, Dan | ||
| 245 |
_aPersonal finance: _ban interactive applications approach/ _cDan French and Megan Noel |
||
| 250 | _a2nd ed. | ||
| 260 |
_aU.S.A: _bKendall Hunt, _c2010. |
||
| 300 |
_axxiv, 530p. : _bill. ; _c25cm. |
||
| 521 | _aIncludes index. | ||
| 650 | _aFinance, Personal. | ||
| 700 | _aNoel, Megan | ||
| 942 |
_2lcc _cBOOKS _hHG 197 .F74 2010 |
||